Statistics for Car Companies A-Z (Easy) Quiz

Click here to take the quiz!

General Stats

  • This quiz has been taken 90 times
  • The average score is 12 of 25

Answer Stats

A-ZHintCar Company% Correct
BUltimate driving machineBMW
84%
JType of catJaguar
81%
NRe-launched Datsun in 2013Nissan
71%
FPransing HorseFerrari
71%
YOpposite of no.YES! (Young Engineers Sportscar)
69%
VAll about safetyVolvo
66%
LRaging BullLamborghini
66%
AWhite triangle with QuadrifoglioAlfa Romeo
64%
M"Das Beste oder nichts" (The best or nothing)Mercedes-Benz
64%
HThey also make lawnmowersHonda
61%
OLightning bolt logoOpel
55%
TLets go places; specailty storesToyota
48%
P205 credited in saving the companyPeugeot
47%
KSwedish supercarKoenigsegg
44%
RSpirit of EcstasyRolls-Royce
44%
ILuxury group of NInfiniti
40%
CNamed after Antoine Laumet de La Mothe, sieur de ____Cadillac
38%
SKnown for boxer enginesSubaru
36%
EFailed marque under FordEdsel
23%
WGecko logoWiesmann
21%
GGerman company filed for bankruptcy in 2013Gumpert
18%
QPartnership with DeTomaso; Biguà/MangustaQvale
16%
UComes in either "kit car" form or turnkeyUltima
13%
ZJanus was the only car built by this motorcycle companyZündapp
10%
D"No Compromise" motoDonkervoort
8%

Score Distribution

Percentile by Number Answered

Percent of People with Each Score

Your Score History

You have not taken this quiz